| 000 | 01465cab a2200217 4500 | ||
|---|---|---|---|
| 001 | ##L133156 | ||
| 008 | 060418n2006 000 0 eng u | ||
| 035 | _a(Sirsi) u133156 | ||
| 041 | 0 | _aeng | |
| 100 | 1 | _aHackett, Paul | |
| 245 | 0 | 0 |
_aLocal delivery vehicles _btalking shops or agents for change |
| 260 | _c2006 | ||
| 490 | 0 |
_aTown & Country Planning _v75(3) March 2006, 2-12(11) |
|
| 520 | _aReviews the development and effectiveness of the new Local Delivery Vehicles (LDVs) concerned with housing and growth, examines their relationships with other delivery bodies and suggests a package of reforms. As well as the emergence of community-based organisations such as development trusts, New Deal for Communities and local strategic partnerships, there has been a proliferation of non-statutory, area-based development partnerships. Describes the history of and current range of LDVs and evaluates the current LDVs. Concludes that government should seek to capitalise on the emergence of these new partnerships and explore how LDVs powers as agents for change can be enhanced. Lists growth area LDVs, housing market renewal pathfinders, PPPs and urban regeneration companies. References. | ||
| 590 | _aIKA250406 | ||
| 650 | 2 | 4 | _aLOCAL GOVERNMENT ACT 2003 |
| 650 | 2 | 4 | _aLOCAL GOVERNMENT PLANNING AND LAND ACT 1980 |
| 650 | 2 | 4 | _aLOCAL DELIVERY VEHICLES |
| 690 | _aENVIRONMENTAL AND LAND CONSULTANCY-SUSTAINABILITY-SUSTAINABLE DEVELOPMENT | ||
| 942 | _n0 | ||
| 999 |
_c76833 _d76833 |
||